Detalles MARC
| 000 -LIDER |
| fixed length control field |
01833nam a2200349 a 4500 |
| 001 - NÚMERO DE CONTROL |
| Identificador de número de control |
000000623 |
| 003 - IDENTIFICACDOR DE NÚMERO DE CONTROL |
| control field |
DO-SdBNP |
| 005 - DATE AND TIME OF LATEST TRANSACTION |
| control field |
20221114114049.0 |
| 008 - ELEMENTOS DE LONGITUD FIJA |
| fixed length control field |
090331s2006 dr 000 0 spa d |
| 020 ## - ISBN |
| International Standard Book Number |
9993442534 |
| 040 ## - FUENTE DE CATALOGACIÓN |
| Agencia que crea de manera original el registro |
DO-SdBNP |
| Idioma de catalogación |
spa |
| Agencia que realiza la transcripción |
BPMSU |
| 082 #4 - NÚMERO DE CLASIFICACIÓN DECIMAL DE DEWEY |
| Classification number |
305.42 |
| Item number |
R696m 2006 |
| Edition number |
22 |
| 100 1# - ASIENTO PRINCIPAL -- NOMBRE PERSONAL |
| Nombre personal |
Rodríguez, Marcia, |
| Fechas asociadas con el nombre |
1949- |
| 245 10 - MENCIÓN DE TITULO |
| Título |
Mujer, discurso e ideología : |
| Subtítulo |
hacia la construcción de un nuevo sujeto femenino / |
| Mención de responsabilidad |
Marcia Rodríguez ; cuidado de edición José Fernández Pequeño ; corrección Ángela Rodríguez Carpio. |
| 260 ## - PUBLICACIÓN, DISTRIBUCIÓN, ETC. (PIE DE IMPRENTA) |
| Lugar de publicación, distribución, etc |
Santo Domingo : |
| Nombre del editor, distribuidor, etc. |
Dirección General de la Feria del Libro, |
| Fecha de publicación, distribución, etc |
2006. |
| 300 ## - DESCRIPCIÓN FÍSICA |
| Extensión |
177 p. ; |
| Dimensiones |
23 cm. |
| 490 0# - MENCIÓN DE SERIES |
| Mención de serie |
Ediciones Ferilibro |
| Volume/sequential designation |
92 |
| 500 ## - NOTA GENERAL |
| Nota general |
Incluye datos biográficos del autor en la solapa de la cubierta |
| 500 ## - NOTA GENERAL |
| Nota general |
Incluye referencias bibliográficas y notas al pie de las páginas |
| 504 ## - NOTA DE BIBLIOGRAFÍA, ETC. |
| Bibliography, etc |
Bibliografía : p. 161-177. |
| 505 0# - NOTA DE CONTENIDO |
| Título |
Presentación / |
| Mención de responsabilidad |
Alejandro Arvelo -- |
| Título |
Palabras -- |
| -- |
Prefacio -- |
| -- |
Introducción -- |
| -- |
Constitución del sujeto femenino -- |
| -- |
Elementos que intervienen en la conformación del sujeto -- |
| -- |
El psicoanálisis: un modelo posible para la construcción del sujeto mujer -- |
| -- |
Mujer sujeto Vs. mujer objeto: el elemento subordinación -- |
| -- |
La feminidad y "lo reprimido femenino" -- |
| -- |
La mujer en el matrimonio -- |
| -- |
La mujer, el trabajo y el movimiento femenino -- |
| -- |
Análisis de la revista Cosmopolitan -- |
| -- |
Un modelo para construir un nuevo sujeto femenino -- |
| -- |
Bibliografía. |
| 526 ## - STUDY PROGRAM INFORMATION NOTE |
| Interest level |
|
| 590 ## - NOTA LOCAL |
| Texto de la nota local |
Inventariado, 2022/VM |
| 650 #4 - ENCABEZAMIENTO DE MATERIA--TEMÁTICO |
| Término temático o nombre geográfico como elemento de entrada |
Mujeres |
| Subdivisión temática general |
Condiciones sociales |
| 650 #4 - ENCABEZAMIENTO DE MATERIA--TEMÁTICO |
| Término temático o nombre geográfico como elemento de entrada |
Feminismo |
| 650 #4 - ENCABEZAMIENTO DE MATERIA--TEMÁTICO |
| Término temático o nombre geográfico como elemento de entrada |
Desarrollo social |
| 700 1# - ASIENTO SECUNDARIO -- NOMBRE PERSONAL |
| Nombre personal |
Fernández Pequeño, José, |
| Mención de responsabilidad |
ed. |
| 700 1# - ASIENTO SECUNDARIO -- NOMBRE PERSONAL |
| Nombre personal |
Rodríguez Carpio, Ángela, |
| Mención de responsabilidad |
corr. |
| 830 #0 - ASIENTO SECUNDARIO DE SERIE--TÍTULO UNIFORME |
| Título uniforme |
Ediciones Ferilibro |
| Número de la parte o sección de una obra |
no. 92 |
| 910 ## - VALIDACIÓN |
| Validación |
VMateo V./Validado |
| 942 ## - ADDED ENTRY ELEMENTS (KOHA) |
| Source of classification or shelving scheme |
Dewey Decimal Classification |
| Koha item type |
Libros |